Miasta w których organizowano pś w skokach narciarskich - Statystyki

Ogólne statystyki
  • Ten quiz został rozwiązany 69 razy
  • Średni wynik to 25 z 58
Statystyki odpowiedzi
Skocznia % Poprawnych
Zakopane
93%
Wisła
92%
Oslo
87%
Planica
84%
Garmisch-Partenkirchen
79%
Sapporo
75%
Vikersund
75%
Innsbruck
72%
Lahti
72%
Trondheim
69%
Lillehammer
67%
Ruka
66%
Willingen
64%
Harrachov
62%
Oberstdorf
62%
Engelberg
61%
Liberec
61%
Kuopio
59%
Klingenthal
56%
Niżny Tagił
56%
Predazzo
56%
Rasnov
56%
Lake Placid
52%
Bischofshofen
51%
Hakuba
51%
Park City
51%
Falun
46%
Krasnaja Polana
46%
Titisee-Neustadt
43%
Pjongczang
41%
Villach
41%
Whistler
41%
Ałmaty
39%
Courchevel
39%
Bad Mitterndorf
38%
Pragelato
38%
Iron Mountain
36%
Oberhof
36%
Ironwood
34%
Chamonix
25%
Ramsau
25%
Szczyrbskie Jezioro
21%
Cortina d'Ampezzo
20%
Sarajewo
20%
Thunder Bay
20%
Sankt Moritz
16%
Baerum
10%
Gstaad
10%
Ornskoldsvik
10%
Saint-Nizier
10%
Oberwiesenthal
8%
Ruhpolding
8%
Gallio
7%
Meldal
7%
Murau
7%
Raufoss
7%
Bollnas
5%
Solleftea
5%
Nie znaleziono quizów pasujących do podanych kryteriów
Rozkład punktacji
Procent ludzi z każdym wynikiem
Percentyl według liczby udzielonych odpowiedzi
Twoja historia wyników
Nie rozwiązałeś tego quizu